000 00882nam a2200229 i 4500
003 DO-SdBNP
005 20230817104838.0
006 a||||gr|||| 00| 0
007 ta
008 230815e1999 dr ac||| |||| 00| 0 spa d
040 _aDO-SdBNP
_bspa
_cBNPHU
_erda
082 4 _222
_b H765g
245 0 0 _aHomenaje a Guayasamín:
_bAntonio Guadalupe. Silvano Lora. Ramón Oviedo. /
246 0 4 _aDe los Andes al universo:
_btres artistas dominicanos en homenaje a Guayasamín. Antonio Guadalupe. Silvano Lora. Ramón Oviedo.
264 1 _aSanto Domingo :
_bEmbajada del Ecuador en la República Dominicana,
_bCODETEL,
_bE. León Jiménez,
_c1999
300 _a12 páginas :
_bIlustraciones, retratos ;
_c28 cm.
336 _2rdaconent
_atexto
_btxt
337 _2rdamedia
_asin mediación
_btxt
338 _2rdacarrier
_avolumen
_bnc
590 _aInventariado 2023 / MF
942 _2ddc
_cLBS1
999 _c54434
_d54434